International Islamic Conference (Record no. 8221)

MARC details
000 -LEADER
fixed length control field 00623nam a2200241 a 4500
020 ## - INTERNATIONAL STANDARD BOOK NUMBER
ISBN
082 00 - DEWEY DECIMAL CLASSIFICATION NUMBER
Classification number 297.197
Author Cutter ISL
100 ## - MAIN ENTRY--AUTHOR NAME
Author name Islamic Research Institute,
245 ## - TITLE STATEMENT
Title International Islamic Conference
260 ## - PUBLICATION, DISTRIBUTION, ETC. (IMPRINT)
Place of publication Islambad
Name of publisher Islamic Research Institute
Year of publication 1970
300 ## - PHYSICAL DESCRIPTION
Number of Pages 149p
500 ## - GENERAL NOTE
General note includes index and biblioraphy
505 2# - FORMATTED CONTENTS NOTE
Formatted contents note Index
650 ## - SUBJECT ADDED ENTRY--TOPICAL TERM
Topical Term Islam-Reinterpretation
942 ## - ADDED ENTRY ELEMENTS (KOHA)
Koha item type Books
700 1# -
-- Islamic Research Institute,
Holdings
Home library Current library Date acquired Cost, normal purchase price Full call number Accession Number Koha item type
Henry Martyn Institute Library Henry Martyn Institute Library 08/08/2007 100.00 297.197 ISL 014830 E-Books
                   Copyright © 2026 | Henry Martyn Institute | Hyderabad | TS-500052 | INDIA | Implemented by hmi.edu.in
Hit-Count:

Powered by Koha